Statystyki dla Znani polscy skoczkowie narciarscy

Kliknij tutaj aby rozwiązać quiz!

Ogólne statystyki

  • Ten quiz został rozwiązany 89 razy
  • Średni wynik to 5 z 6

Statystyki odpowiedzi

Odpowiedź% Poprawnych
Stoch
97%
Żyła
97%
Małysz
96%
Kubacki
88%
Kot
76%
Hula
49%

Rozkład punktacji

Percentyl według liczby udzielonych odpowiedzi

Procent ludzi z każdym wynikiem

Twoja historia wyników

Nie rozwiązałeś tego quizu